Corporate risk around the world (Record no. 281197)

000 -LEADER
fixed length control field 00433cam a22001337a 4500
008 - FIXED-LENGTH DATA ELEMENTS--GENERAL INFORMATION
fixed length control field 180718b2000 xxu||||| |||| 00| 0 eng d
100 ## - MAIN ENTRY--PERSONAL NAME
Personal name Claessenns, Stijn
245 ## - TITLE STATEMENT
Title Corporate risk around the world
Statement of responsibility, etc. by Stijn Claessens, Simeon Djankov and Tatiana Nenova
260 ## - PUBLICATION, DISTRIBUTION, ETC.
Place of publication, distribution, etc. Washington, D.C.
Name of publisher, distributor, etc. World Bank
Date of publication, distribution, etc. 2000
300 ## - PHYSICAL DESCRIPTION
Extent 52p.
440 ## - SERIES STATEMENT/ADDED ENTRY--TITLE
Title Policy research working paper 2271
700 ## - ADDED ENTRY--PERSONAL NAME
Personal name Nenova, Tatiana
700 ## - ADDED ENTRY--PERSONAL NAME
Personal name Djankov, Simeon
Holdings
Withdrawn status Lost status Damaged status Not for loan Permanent Location Current Location Date acquired Barcode Date last seen Price effective from Koha item type
        Indian Institute of Public Administration Indian Institute of Public Administration 2000-05-05 WB8321 2018-07-20 2018-07-20 WB

Powered by Koha